| 000 | 00452nam a22001817a 4500 | ||
|---|---|---|---|
| 999 |
_c2797 _d2797 |
||
| 005 | 20181018170008.0 | ||
| 008 | 181018b ||||| |||| 00| 0 eng d | ||
| 020 | _a8172141165 | ||
| 040 | _cDLC | ||
| 082 |
_a226.60 _bH2794G |
||
| 100 | _aHargreaves, John | ||
| 245 |
_aA guide to Acts _cJohn Hargreaves |
||
| 260 |
_aDelhi _bISPCK _c1990 |
||
| 300 | _axiv, 253p,; | ||
| 500 | _aincludes index [249-253] | ||
| 650 | _aBible.--Acts | ||
| 942 |
_2ddc _cBK |
||